LEADER 01317nam a2200301 u 4500 001 000000054590 003 CaOOAMICUS 005 20070226115705.0 008 001218s1995 it af u000 u ita u 020 $a8845911241 035 $a10864042 040 $aPUL(R)$bita 041 1 $aita$heng 100 1 $aSchrödinger, Erwin,$d1887-1961.$0(OLS)http://pul/name/38647 240 10$aWhat is life?: The Physical aspect of the living cell.$lItaliano.$0(OLS)http://pul/title/73179 245 10$aChe cos'è la vita? :$bla cellula vivente dal punto di vista fisico /$cErwin Schrödinger. 260 $aMilano :$bAdelphi,$c1995. 300 $a155 p., [4] c. di tav. :$bill. ;$c19 cm 490 1 $aPiccola biblioteca Adelphi ;$v341 650 4$aBiologia.$0(OLS)http://pul/subject/7576 830 0$aPiccola biblioteca Adelphi ;$v341.$0(OLS)http://pul/title/37100 850 $aPUL 852 $aPUL$W1$xDP1 Fondo Giannini$y60$m1561 D 9$j71888$nBK-PRI$b $qFondi$B71888$CPULBib$Z2$F71888 $H $81 941 1 $a1 961 $aINV: Fondo Giannini 996 $6020$a8845911241$9(OLS)http://pul/number/68726 996 $6245$aChe cos'è la vita? :$bla cellula vivente dal punto di vista fisico$9(OLS)http://pul/title/73180 996 $6260$aMilano :$bAdelphi$9(OLS)http://pul/publisher/51018 LEADER 01975nam a2200409 u 4500 001 000000041109 003 CaOOAMICUS 005 20130513153708.0 008 981013s1998 it bh u000 u ita u 020 $a8802052522 (set) 035 $a10805451 040 $aIPA$bita$dPUL(R) 041 1 $aita$hgrc 100 1 $aIosephus, Flavius,$dc. 37-c. 100.$0(OLS)http://pul/name/7252 240 10$aAntiquitates judaicae$9(Iosephus, Flavius, sec. I).$lItaliano.$0(OLS)http://pul/title/37869 245 10$aAntichità giudaiche /$cdi Giuseppe Flavio ; a cura di Luigi Moraldi. 260 $aTorino :$bUnione tipografico-editrice torinese,$c1998. 300 $a2 v. (1328 p.), [4] c. di tav. :$bfacs., c. geogr. ;$c24 cm 490 1 $aClassici UTET 490 1 $aClassici delle religioni.$aSezione seconda, Religione ebraica 500 $aComprende indice. 505 0 $av.1. Libri I-X ; v.2. Libri XI-XX. 700 1 $aMoraldi, Luigi,$cI.M.C.$0(OLS)http://pul/name/13567 830 0$aClassici delle religioni (UTET).$nSezione seconda,$pReligione ebraica.$0(OLS)http://pul/title/1242 830 0$aClassici UTET.$0(OLS)http://pul/title/1243 850 $aPUL 852 $aPUL$W1$xSL Religione 3$y85$m200. 3 COLL 3.52.1$j153974$nBK-PRI$aV.1$qDDC 21$B55741$CPULBib$Z2$F55741 $H80304 $82 852 $aPUL$W1$xSL Religione 3$y85$m200. 3 COLL 3.52.2$j153975$nBK-PRI$aV.2$qDDC 21$B153536$CPULBib$Z2$F153536 $H80305 $82 900 $aJosephus, Flavius,$dc. 37-c. 100$97252 900 $aGiuseppe, Flavio,$dc. 37-c. 100$97252 900 $aFlavio Giuseppe,$dc. 37-c. 100$97252 900 $aFlavius Josephus,$dc. 37-c. 100$97252 941 1 $a9 961 $aINV: 80304-80305 996 $6020$a8802052522 (set)$9(OLS)http://pul/number/51159 996 $6245$aAntichità giudaiche$9(OLS)http://pul/title/55467 996 $6260$aTorino :$bUnione tipografico-editrice torinese$9(OLS)http://pul/publisher/48298 LEADER 01222nam a2200277 u 4500 001 000000031235 003 CaOOAMICUS 005 20070226112122.0 008 970930s1968 gw u000 u ger u 035 $a10771005 040 $aPUL(R)$bita 100 1 $aDibelius, Martin,$d1883-1947.$0(OLS)http://pul/name/24988 245 10$aAufsätze zur Apostelgeschichte /$cMartin Dibelius ; herausgegeben von Heinrich Greeven. 250 $a5. durchgesehen Aufl. 260 $aGöttingen :$bVandenhoeck & Ruprecht,$c1968. 300 $a192 p. ;$c24 cm 490 1 $aForschungen zur Religion und Literatur des Alten und Neuen Testaments 500 $a"Register" : p. [181]-192. 700 1 $aGreeven, Hein.,$d1906-1990.$0(OLS)http://pul/name/24961 830 0$aForschungen zur Religion und Literatur des Alten und Neuen Testaments.$0(OLS)http://pul/title/15482 850 $aPUL 852 $aPUL$W1$xSL Religione 1$y3$m10 A 1$j43158$nBK-PRI$b $qStampati$B43158$CPULBib$Z2$F43158 $H $81 941 1 $a8 961 $aINV: 38109. 996 $6245$aAufsätze zur Apostelgeschichte$9(OLS)http://pul/title/42933 996 $6260$aGöttingen :$bVandenhoeck & Ruprecht$9(OLS)http://pul/publisher/47973